| 000 | 00573nam a2200229Ia 4500 | ||
|---|---|---|---|
| 003 | OSt | ||
| 005 | 20230524115253.0 | ||
| 008 | 210423s2011 xx 000 0 und d | ||
| 020 | _a978-81-7473-277-4 | ||
| 040 | _cAL | ||
| 041 | _aeng | ||
| 082 |
_a330.03 JAID _223 |
||
| 100 |
_aJAIN (N C);SAAKSHI _9112251 |
||
| 245 | _aDictionary of economics | ||
| 260 |
_aNew Delhi _bAITBS Publishers _c2011 |
||
| 300 |
_a312 _bPB |
||
| 365 |
_b150 _cINR |
||
| 650 |
_aEconomics _9112252 |
||
| 650 |
_aEconomics _9112252 |
||
| 906 | _aDictionary ; economics | ||
| 942 |
_2ddc _cBK |
||
| 999 |
_c165412 _d165412 |
||